00378 2200145 4500001002100000005001500021035002000036245007200056100001700128300001200145260004100157082000800198084001400206990001200220INLIS00000000000194220250522090125 a0010-05250002341 aIslam Indonesia Gerakan Nasional Baru Demokratitasi /cAhmad Suaedi0 aAhmad Suaedi a588 hlm aJakarta :bThe Wahid Institut,c2007 a200 a200 AHM i a0713462